| 000 | 01624nkm a2200361 c 4500 | ||
|---|---|---|---|
| 003 | BLK | ||
| 005 | 20180421002022.0 | ||
| 008 | 180412b bul rap|r|||| r0| ||bulo| | ||
| 010 | _aKNG00162816000 | ||
| 040 | _aBLK | ||
| 041 |
_aRUS _cRUS |
||
| 080 |
_aПриложно изкуство. Художествени занаяти. Интериор. Дизайн. Играчки. Худож. пространствено оформление _b745/749 _x(47+57) _z745/749(47+57) |
||
| 700 | 1 |
_aХабарова, Маргарита Валериановна _eавт.-состав. _9135311 |
|
| 139 |
_aХабарова, Маргарита Валериановна _bХ 12 |
||
| 245 | 1 | 0 |
_aНародное искусство Якутии _cавт.-состав. Маргарита Валериановна Хабарова. |
| 257 | _aSUN | ||
| 260 |
_аЛенинград _bХудожник РСФСР _c1981 |
||
| 300 |
_a144 с. _bс ил. _c29 см |
||
| 380 | _a7 | ||
| 500 | _a15 000 тир. - Списък на ил. - Библиогр. с. 135-136. - Рез. на англ. | ||
| 650 | 4 |
_aХудожествени занаяти _9278025 |
|
| 651 | 4 |
_aСССР _9179592 |
|
| 651 | 4 |
_aЯкутия _9179840 |
|
| 653 | _aприложни изкуства | ||
| 653 | _aдекоративно изкуство | ||
| 653 | _aхудожествени занаяти | ||
| 653 | _aЯмайка | ||
| 852 | _aЦб Гр А ІІ 3405 | ||
| 856 | 4 |
_qpdf _u |
|
| 856 | 4 |
_qpdf _u |
|
| 942 |
_cGRA _n0 |
||
| 944 |
_aCR _c05.07.2014 _l05.07.2014 - от С1,Р / 05.07.2014 _kИрена_Линкова |
||
| 944 |
_aED _c05.07.2014 _l05.07.2014 - от С1,Р / 05.07.2014 _k |
||
| 999 |
_c210160 _d210160 |
||